000 00614cam a2200229 4500
008 090401t1997 xxu||||| |||| 00| 0 eng d
020 _a0750633883
035 _a(Sirsi) u77398
041 _aeng
050 _a658.3
100 _aThomson, Rosemary
245 _aManaging people.
250 _a2nd ed.
260 _aOxford
_bButterworth-Heinemann
_c1997
260 _bInstitute of Management Foundation
_c1997
300 _axi,191p. ; 21cm.
350 _a14.99
650 _aPERSONNEL MANAGEMENT
690 _aMANAGEMENT-BUSINESS MANAGEMENT-PROFESSIONAL PRACTICE
942 _n0
948 _c25/03/1997
999 _c96303
_d96303